[Event "Turkish Women-ch Arzum 2022"]
[Site "Ayvalik"]
[Date "2022.03.09"]
[Round "6.7"]
[White "Kocyigit, Buse Naz"]
[Black "Yilmaz, Gokcen"]
[Result "1-0"]
[WhiteElo "2023"]
[BlackElo "1647"]
[Annotator "TA"]
[PlyCount "55"]
[EventDate "2022.03.04"]
[EventType "swiss"]
[EventCountry "TUR"]
[SourceTitle "playchess.com"]
[Source "ChessBase"]
[SourceQuality "1"]

{[%evp 16,55,52,65,62,42,54,47,73,68,75,77,94,76,104,96,132,99,98,106,135,127,156,163,155,158,209,110,91,104,368,342,379,367,374,357,496,495,517,522,518,427]} 1. Nf3 Nf6 2. d4 g6 3. c4 Bg7 4. g3 O-O 5. Bg2 d6 6. O-O c6 7. Nc3 Qa5 {7...Bf5 gains popularity.} 8. Bd2 Qh5 9. Qb3 Na6 {E62: King's Indian: Fianchetto: 6...c6 and Panno Variation (6...Nc6) without ...a6.} 10. h3 $1 {[#]} Qa5 $146 ({Predecessor:} 10... Rb8 11. Ng5 e5 12. dxe5 dxe5 13. Bf3 Qh6 14. Rfd1 e4 15. Bg2 Qh5 16. Bf4 h6 17. Ngxe4 Nxe4 18. Nxe4 {1-0 (55) Almagro Llamas,P (2429)-Moreno Ruiz,J (2435) Madrid 2015}) 11. Qc2 Qc7 {[%cal Ob7b5] White is slightly better.} 12. e4 e5 13. Be3 Bd7 14. Rfd1 Rfd8 15. Rac1 Rac8 16. a3 Be6 17. Qe2 {[%cal Oc3d5]} exd4 18. Nxd4 ({Don't take} 18. Bxd4 Nd7 $16) 18... Nc5 19. b4 Ncd7 20. f4 {White is more active.} Nf8 (20... Ne8 $16 21. Nxe6 fxe6) 21. Nd5 Bxd5 $16 (21... cxd5 $2 22. cxd5 Qe7 23. dxe6 $18) 22. cxd5 {[%cal Od4b5] [#] Nb5! is the strong threat.} c5 $2 {[%mdl 8192] Black cannot hold the game after this.} (22... Qe7 $16 {was worth a try.}) 23. bxc5 {And now Nb5 would win.} dxc5 {[%cal Of6e4]} 24. Nb5 {[%csl LRa7,LRc5,LRc7]} Qb6 25. e5 N6d7 26. Nd6 {White is clearly winning.} Rb8 27. Qa2 {[%cal Od6f7] [#] Hoping for Nxf7!} Bh6 28. Rb1 {Weighted Error Value: White=0.10 (very precise) /Black=0.33} 1-0

[Event "Turkish Women-ch Arzum 2022"]
[Site "Ayvalik"]
[Date "2022.03.09"]
[Round "6.8"]
[White "Buyuk, Ecrin Efsa"]
[Black "Acarbay, Algi"]
[Result "0-1"]
[WhiteElo "1565"]
[BlackElo "1992"]
[Annotator "TA"]
[PlyCount "118"]
[EventDate "2022.03.04"]
[EventType "swiss"]
[EventCountry "TUR"]
[SourceTitle "playchess.com"]
[Source "ChessBase"]
[SourceQuality "1"]

{[%evp 14,118,0,0,0,-12,0,-61,0,0,20,19,25,0,25,-16,-19,-20,-5,-85,-80,-74,-81,-97,-75,-112,-87,-93,-109,-124,-127,-135,-123,-144,-141,-160,-70,-81,-60,-98,-97,-120,-54,-129,-87,-83,0,-125,-47,-36,-31,-43,-51,-44,-15,-62,-62,-61,-42,-33,-43,-103,0,0,33,31,67,-32,-36,-34,-34,-222,-216,-216,-216,-222,-222,-222,-215,-217,-206,-206,-205,-205,-205,-352,-195,-188,-183,-227,-225,-238,-229,-285,-271,-272,-254,-1329,-523,-5695,-5683,-5418,-5333,-29988,-29989,-29989,-29990]} 1. e4 c5 2. Nf3 d6 3. Bb5+ Nd7 4. O-O a6 5. Bxd7+ Bxd7 6. d4 cxd4 7. Nxd4 Nf6 8. Re1 e6 {B51: Sicilian: Moscow Variation (3 Bb5+) without 3...Bd7.} 9. c4 Be7 10. Nc3 (10. a4 $11) 10... O-O (10... Rc8 $15) 11. b3 $11 Rc8 {[%cal Ob7b5]} 12. Bb2 Qc7 13. Rc1 {[#]} Qb8 $146 ({Predecessor:} 13... Qa5 14. Nf3 b5 15. cxb5 axb5 16. a3 Bc6 17. e5 dxe5 18. Nxe5 Bb7 19. b4 Qb6 {0-1 (83) Perner,B (1727)-Dahl,C (2223) Playchess.com INT 2021}) 14. h3 (14. Ba3 $142) 14... b5 15. cxb5 axb5 16. a3 (16. b4 $1 $11) 16... b4 $1 $17 17. axb4 Qxb4 18. Kh1 e5 19. Nf3 {[%cal Bd4f3,Bf3d2,Bd2c4][%mdl 32]} Rb8 20. Nd2 Be6 21. Na2 Qb6 (21... Bxb3 $2 22. Nxb4 Bxd1 23. Nc6 $1 $18) 22. Re3 Nd7 23. Rcc3 f5 {And now ...fxe4 would win.} 24. exf5 Bxf5 (24... Rxf5 $17 25. Rf3 Rxf3 26. Rxf3 d5) 25. Nc4 $1 $15 Qa6 26. Nc1 Be6 27. Re2 Nc5 (27... Nf6 $1 $17 28. Qd3 Qa7) 28. Qc2 (28. Ba3 $1 $15) 28... Bf5 (28... Rbc8 $142 {[%cal Oc5b3] Threatens to win with ...Nxb3!} 29. Nd2 h6) 29. Qd1 $17 Be6 {Black is more active.} (29... Ne4 $142 30. Rf3 (30. Qd5+ Kh8 $17) 30... Qc6) 30. Qc2 Kh8 ({Black should play} 30... Rfc8 $17 {[%cal Oc5b3] Hoping for ...Nxb3!} 31. Nd2 Bg5) 31. Nxe5 $1 $15 dxe5 32. Rxc5 Bxc5 33. Qxc5 Qb5 34. Qd6 (34. Qe3 $11) 34... Qd5 35. Bxe5 Rbd8 36. Qe7 {[%csl Ge5][%cal Re7g7]} Rf7 {[%mdl 1024] Black has compensation. Really sharp!} 37. Qg5 {[#]} ({Better is} 37. Qh4 $1 $15) 37... Rg8 (37... Bxh3 $1 $17 38. Kh2 Bf5) 38. Kh2 $11 Rf5 39. Qe3 Bd7 40. Re1 (40. f4 $14) 40... Bc6 $15 {[%csl Gc6][%cal Rd5g2]} 41. Qg3 Qd2 $40 {[%csl LRe1,LRf2][%mdl 128] White needs to defend precisely.} 42. Qe3 {This move loses the game for White.} (42. f3 $15) 42... Rxf2 $19 43. Qxd2 Rxd2 44. Ne2 Re8 45. Nf4 Kg8 {Strongly threatening ...g5.} 46. h4 Rf2 47. Kg3 Rc2 48. Re3 Rc5 49. Nd3 {[#]} (49. Bd4 {was forced.} Rxe3+ 50. Bxe3) 49... Rd5 (49... Rc3 $142 $3 {[%mdl 512]} 50. Kf2 Rxb3) 50. Kf4 Bb5 51. Nf2 (51. Ne1 {keeps fighting.}) 51... Rd2 52. Kg3 Bc6 53. Re1 Rf8 54. Ne4 Rd3+ 55. Kg4 $2 (55. Kh2) 55... Re8 (55... Bd7+ $142 56. Kh5 Rf5+ 57. Ng5 h6) 56. Nf2 Bd7+ 57. Kf4 Rf8+ 58. Ke4 Bf5+ 59. Kf4 Bg6+ {Weighted Error Value: White=0.63/Black=0.31} 0-1

[Event "Turkish Women-ch Arzum 2022"]
[Site "Ayvalik"]
[Date "2022.03.09"]
[Round "6.9"]
[White "Gokbulut, Yulia"]
[Black "Akin, Duru"]
[Result "1-0"]
[WhiteElo "1902"]
[BlackElo "1563"]
[Annotator "TA"]
[PlyCount "57"]
[EventDate "2022.03.04"]
[EventType "swiss"]
[EventCountry "TUR"]
[SourceTitle "playchess.com"]
[Source "ChessBase"]
[SourceQuality "1"]

{[%evp 9,57,-8,6,8,45,27,51,57,90,92,110,112,116,117,113,55,110,78,155,70,195,25,122,104,222,162,188,181,349,335,335,343,418,327,361,356,324,285,501,481,580,529,1740,1732,1844,1644,29990,29991,29997,29998]} 1. d4 Nf6 2. c4 e6 3. Nc3 Bb4 4. e3 b6 5. f3 Bxc3+ 6. bxc3 {E43: Nimzo-Indian: Rubinstein: 4...b6.} d5 {To avoid e4} 7. Bd3 Bb7 8. Ne2 {White is slightly better.} Nbd7 9. cxd5 exd5 10. O-O O-O 11. Ng3 Re8 {Prevents e4.} 12. Bd2 {[#]} ({White should play} 12. Re1 $1 $16) 12... a5 $146 (12... c5 $14) ({Predecessor:} 12... c5 13. Nf5 Nf8 14. Qe1 Qc7 15. Qh4 Re6 16. g4 Ng6 17. Qh3 Rae8 18. g5 Nd7 {1-0 (31) Gislason,G (2325)-Thorfinnsson,B Reykjavik 1994}) 13. Qe2 $16 c5 (13... h5 $142) 14. Rab1 (14. e4 $1 $16) 14... Qc7 {[#]} (14... h5 $14) 15. Nf5 $2 (15. e4 $1 $18) 15... Rad8 (15... g6 $11 {keeps the balance.}) 16. Be1 {Threatens to win with Bg3. White is more active.} Nh5 (16... c4 $16) 17. Qd2 g6 {[#]} 18. g4 {[%cal Bg2g4,Bg4h5,Bh5h6][%mdl 32]} gxf5 $2 (18... c4) 19. gxh5 $18 f4 20. exf4 {[%cal Be3f4,Bf4f5][%mdl 32]} Nf6 21. h6 Kh8 22. Bh4 Rd6 23. f5 ({Less strong is} 23. Qg2 Rg8 24. Bg5 Ne8 $14) 23... c4 $2 (23... Nh5 {is a better defense.} 24. Rfe1 Rg8+ 25. Kh1 f6) 24. Bc2 Qc6 25. Kh1 {Hoping for Bxf6+.} Ng8 26. Rg1 {Threatening mate with Qg5.} Nxh6 27. Rbe1 {White wants to mate with f6.} Rxe1 28. Qxe1 f6 29. Qe7 {Weighted Error Value: White=0.36/Black=0.70} 1-0

[Event "Turkish Women-ch Arzum 2022"]
[Site "Ayvalik"]
[Date "2022.03.09"]
[Round "6.10"]
[White "Hereklioglu, Sude"]
[Black "Baloglu, Dila"]
[Result "1-0"]
[WhiteElo "1924"]
[BlackElo "1630"]
[Annotator "TA"]
[PlyCount "75"]
[EventDate "2022.03.04"]
[EventType "swiss"]
[EventCountry "TUR"]
[SourceTitle "playchess.com"]
[Source "ChessBase"]
[SourceQuality "1"]

{[%evp 18,75,36,0,26,22,54,51,44,56,38,41,64,39,59,66,72,61,67,44,77,73,75,65,73,52,54,41,121,63,71,69,59,66,67,61,70,14,14,-2,12,26,591,533,1137,1068,2306,1908,29989,5721,2132,964,2135,995,29988,29989,29991,29991,29991,29992]} 1. Nf3 Nf6 2. g3 g6 3. Bg2 Bg7 4. O-O O-O 5. c4 d5 6. cxd5 Nxd5 7. Nc3 c6 {[%cal Bc7c6,Bc6c5][%mdl 32]} 8. d4 {[%cal Bd2d4,Bd4d5][%mdl 32]} Nxc3 9. bxc3 c5 10. e4 Nc6 {[%cal Rc5d4] A16: English Opening: 1...Nf6 with ...d5.} (10... cxd4 {seems wilder.} 11. cxd4 Nc6 12. Be3 Bg4 13. d5 Ne5) 11. d5 {[#]} Ne5 $146 (11... Bxc3 {keeps more tension.} 12. Bh6 Ne5 13. Bxf8 Qxf8 14. Rb1 b6) ({Predecessor:} 11... Na5 12. Bf4 b6 13. Qd3 Re8 14. e5 Bf5 15. Qe2 c4 16. Rfd1 Bd3 17. Qe3 Rc8 18. Ne1 {1-0 (36) Chapman,T (2279)-Mason,D (2222) England 2013}) 12. Nxe5 Bxe5 {White is slightly better.} 13. Qd3 Qa5 14. Bd2 b5 15. f4 Bg7 16. Qe3 Qc7 17. e5 {[%cal Od5d6]} Rb8 18. Rfe1 {White is more active.} Rd8 19. a4 {And now axb5 would win.} a6 20. axb5 axb5 21. c4 {aiming for Ba5.} b4 22. Bc1 Bf5 {[#]} (22... Qb6 $14) 23. Bb2 (23. Ra6 $1 $16) 23... Qb6 $1 $14 24. Qb3 Ra8 25. h3 h5 26. Kh2 Bh6 {[%cal Oh5h4]} 27. Rxa8 (27. Qe3 $14) 27... Rxa8 $11 28. d6 $36 {[%mdl 2048] White is more active.} Rd8 29. Bd5 exd6 $2 {[%mdl 8192] This costs Black the game.} (29... Qa7 $1 $11 {and Black is okay.}) 30. e6 $18 fxe6 31. Bxe6+ Bxe6 32. Rxe6 Rd7 33. Rxg6+ (33. Qd3 $142 Rg7 34. Bxg7 Bxg7 35. Qxg6 Qd8 36. Re8+ Qxe8 37. Qxe8+ Kh7 38. g4) 33... Bg7 34. Qd3 (34. Qe3 $142 Kf8 {[#]} 35. Qe6 $1) 34... Qb7 35. f5 (35. Bxg7 $142 Rxg7 36. Rxd6) 35... Kf8 36. f6 {White mates.} ({Not} 36. Rxg7 Rxg7 37. Qxd6+ Kg8 $11) 36... Bh8 37. Rh6 {[%csl LRh5,LRh8]} Bxf6 38. Bxf6 {Weighted Error Value: White=0.17 (very precise) /Black=0.78} 1-0

[Event "Turkish Women-ch Arzum 2022"]
[Site "Ayvalik"]
[Date "2022.03.09"]
[Round "6.11"]
[White "Can, Isil"]
[Black "Zengin, Ovgu"]
[Result "1-0"]
[WhiteElo "1875"]
[BlackElo "1475"]
[Annotator "NA RC"]
[PlyCount "70"]
[EventDate "2022.03.04"]
[EventType "swiss"]
[EventCountry "TUR"]
[SourceTitle "playchess.com"]
[Source "ChessBase"]
[SourceQuality "1"]
[TimeControl "5400+30"]

{[%evp 26,70,-38,-58,104,102,97,126,167,102,162,157,164,170,212,204,229,237,216,234,259,244,253,162,316,276,682,717,864,747,760,816,804,990,3760,2518,29983,29984,2128,29986,29986,29985,29988,29988,2919,1360,1345]} 1. e4 c5 2. Nf3 e6 3. d4 cxd4 4. Nxd4 a6 5. Nc3 Qc7 6. a3 Nf6 7. Be3 {7.f4 is the modern continuation.} b5 8. Bd3 Bb7 9. f3 {[%emt 0:04:00]} d5 {[%emt 0:08:00]} 10. exd5 {[%emt 0:02:30]} Nxd5 {[%emt 0:02:30]} 11. Nxd5 {[%emt 0:00:30]} Bxd5 {[%emt 0:01:30]} 12. O-O {[%emt 0:00:30]} Bd6 {[%emt 0:00:30]} 13. h3 {[%emt 0:00:30] [#]} Nd7 $146 {[%emt 0:02:30]} ({Predecessor:} 13... Nc6 14. Qd2 Nxd4 15. Bxd4 Bf4 16. Qf2 Bh2+ 17. Kh1 Bg3 18. Qd2 e5 19. Bf2 Bf4 {1-0 (58) Zheng,J (1583)-Ivan,A (1300) England 2019}) 14. Kh1 {[%emt 0:04:30]} (14. a4 $11) 14... Nf6 {[%emt 0:01:30] [#]} (14... Ne5 $15) 15. Bxb5+ $1 {[%emt 0:08:30]} Ke7 {[%emt 0:11:30]} 16. Bd3 {[%emt 0:04:30]} Nh5 {[%emt 0:04:30]} (16... Bc4 $16 {is a better defense.}) 17. Ne2 {[%emt 0:01:30]} ({Better is} 17. Re1) 17... Be5 {[%emt 0:08:30]} (17... Bc4 $16) 18. c4 {[%emt 0:06:30]} Bb7 {[%emt 0:04:30]} 19. Qc2 {[%emt 0:03:30]} Rhb8 {[%emt 0:05:30]} 20. Rab1 {[%emt 0:01:30]} ({But not} 20. Bxh7 $6 g6 $16) 20... Nf6 {[%emt 0:10:30]} 21. f4 {[%emt 0:15:30]} Qc6 {[%emt 0:01:30]} 22. Rg1 {[%emt 0:00:30]} Bc7 {[%emt 0:02:30]} 23. Nd4 {[%emt 0:00:30]} Qd7 {[%emt 0:01:30]} 24. Rgf1 {[%emt 0:02:30]} ({And not} 24. Bxh7 Rh8 25. Rgd1 (25. Qb3 $2 Rab8 $19) 25... Ke8 $11) 24... g6 {[%emt 0:09:30]} (24... h6 $142 25. Rbd1 Kf8) 25. Rbd1 {[%emt 0:09:30]} Qc8 $2 {[%emt 0:03:30]} (25... Rg8 26. Qf2 Kf8) 26. f5 {[%emt 0:04:30]} e5 {[%emt 0:03:30] [#]} 27. Bg5 $1 {[%emt 0:03:30]} exd4 {[%emt 0:07:10]} 28. Rde1+ {[%emt 0:01:30]} Kf8 {[%emt 0:01:11]} 29. Bxf6 {[%emt 0:02:30]} Qd7 {[%emt 0:01:35]} 30. Qd2 {[%emt 0:00:30]} Kg8 {[%emt 0:01:26]} 31. Qh6 {[%emt 0:01:30]} Bxg2+ {[%emt 0:00:47]} 32. Kg1 {[%emt 0:00:30]} Bh2+ {[%emt 0:00:59]} 33. Kxh2 {[%emt 0:00:00]} Qd6+ {[%emt 0:00:28]} 34. Be5 {[%emt 0:00:00]} Qf8 {[%emt 0:01:04]} 35. Qxf8+ {[%emt 0:00:30]} (35. Qg5 $142 Qe8 36. fxg6 fxg6 37. Qxg2 Ra7 38. Qd5+ Rf7 39. Rxf7 Qxf7 40. Bxb8) 35... Kxf8 $18 {[%emt 0:00:54]} 1-0

[Event "Turkish Women-ch Arzum 2022"]
[Site "Ayvalik"]
[Date "2022.03.09"]
[Round "6.12"]
[White "Kucuk, Aybike"]
[Black "Demirtas, Hafize"]
[Result "1/2-1/2"]
[WhiteElo "1439"]
[BlackElo "1779"]
[Annotator "NA RC"]
[PlyCount "125"]
[EventDate "2022.03.04"]
[EventType "swiss"]
[EventCountry "TUR"]
[SourceTitle "playchess.com"]
[Source "ChessBase"]
[SourceQuality "1"]
[TimeControl "5400+30"]

1. c4 Nf6 2. Nc3 e6 3. e4 d5 4. e5 Ne4 5. Nxe4 dxe4 6. Qg4 {[%emt 0:02:30]} Nc6 {[%emt 0:09:30]} 7. Qxe4 {[%emt 0:01:30]} Bc5 {[%emt 0:00:00]} 8. Nf3 {[%emt 0:05:30]} f6 {[%emt 0:01:00]} 9. Be2 {[%emt 0:07:30]} fxe5 {[%emt 0:02:30]} 10. O-O {[%emt 0:02:30]} Bd4 {[%emt 0:02:30]} 11. d3 {[%emt 0:04:30]} Qd6 {[%emt 0:12:30]} 12. Ng5 {[%emt 0:06:30]} Ne7 {[%emt 0:06:30]} 13. Nxh7 {[%emt 0:09:30]} g6 {[%emt 0:04:30]} 14. Nf6+ {[%emt 0:02:30]} Kd8 {[%emt 0:01:30]} 15. Bg5 {[%emt 0:05:30]} Bd7 {[%emt 0:04:30]} 16. Nxd7 {[%emt 0:08:30]} Kxd7 {[%emt 0:00:30]} 17. Rab1 {[%emt 0:00:00]} a5 {[%emt 0:07:30]} 18. a3 {[%emt 0:07:00]} Raf8 {[%emt 0:04:30]} 19. b4 {[%emt 0:04:30]} a4 {[%emt 0:03:30]} 20. c5 {[%emt 0:04:30]} Qd5 {[%emt 0:04:30]} 21. Bxe7 {[%emt 0:03:30]} Kxe7 {[%emt 0:01:30]} 22. Bf3 {[%emt 0:05:31]} Qd8 {[%emt 0:13:30]} 23. h3 {[%emt 0:07:00]} c6 {[%emt 0:00:30]} 24. Qg4 {[%emt 0:03:52]} Rf6 {[%emt 0:09:30]} 25. b5 {[%emt 0:01:27]} Bxc5 {[%emt 0:00:48]} 26. bxc6 {[%emt 0:01:26]} b6 {[%emt 0:00:24]} 27. Qxa4 {[%emt 0:05:35]} Rxf3 {[%emt 0:05:01]} 28. gxf3 {[%emt 0:00:32]} Bd4 {[%emt 0:03:06]} 29. Kg2 {[%emt 0:02:28]} Kf7 {[%emt 0:01:29]} 30. Rh1 {[%emt 0:00:34]} Qg5+ {[%emt 0:00:46]} 31. Kf1 {[%emt 0:00:05]} Qd2 {[%emt 0:00:00]} 32. Rh2 {[%emt 0:01:37]} Qxd3+ {[%emt 0:00:25]} 33. Kg2 {[%emt 0:00:00]} Qxb1 {[%emt 0:00:00]} 34. c7 {[%emt 0:00:00]} Ke7 {[%emt 0:01:39]} 35. Qa7 {[%emt 0:01:03]} Kf6 {[%emt 0:00:18]} 36. Qb8 {[%emt 0:00:18]} Rxb8 {[%emt 0:02:43]} 37. cxb8=Q {[%emt 0:00:30]} Kg7 {[%emt 0:00:23]} 38. Qd8 {[%emt 0:00:33]} Bc5 {[%emt 0:00:26]} 39. Qd7+ {[%emt 0:00:48]} Kh6 {[%emt 0:00:15]} 40. Qd2+ {[%emt 0:00:00]} Kg7 {[%emt 0:00:24]} 41. h4 {[%emt 0:00:58]} e4 {[%emt 0:00:00]} 42. fxe4 {[%emt 0:00:15]} Qxe4+ {[%emt 0:00:26]} 43. f3 {[%emt 0:00:30]} Qe5 {[%emt 0:00:30]} 44. Qd7+ {[%emt 0:00:30]} Kh6 {[%emt 0:00:30]} 45. Qd2+ {[%emt 0:00:30]} Be3 {[%emt 0:00:30]} 46. Qb4 {[%emt 0:00:30]} Bc5 {[%emt 0:00:30]} 47. Qd2+ {[%emt 0:00:30]} Kg7 {[%emt 0:00:30]} 48. Qd7+ {[%emt 0:00:30]} Kg8 {[%emt 0:00:30]} 49. Qd8+ {[%emt 0:00:30]} Kf7 {[%emt 0:00:30]} 50. Qd7+ {[%emt 0:00:30]} Be7 {[%emt 0:00:30]} 51. Rh1 {[%emt 0:00:30]} Qb2+ {[%emt 0:00:30]} 52. Kg3 {[%emt 0:00:30]} Qf6 {[%emt 0:00:30]} 53. Qc7 {[%emt 0:00:30]} Qb2 {[%emt 0:00:30]} 54. h5 {[%emt 0:00:30]} g5 {[%emt 0:00:30]} 55. h6 {[%emt 0:00:30]} Kg6 {[%emt 0:00:30]} 56. Qxe7 {[%emt 0:00:30]} Qe5+ {[%emt 0:00:30]} 57. Kf2 {[%emt 0:00:30]} Qd4+ {[%emt 0:00:30]} 58. Ke2 {[%emt 0:00:30]} Qc4+ {[%emt 0:00:30]} 59. Kd2 {[%emt 0:00:30]} Qd4+ {[%emt 0:00:30]} 60. Ke2 {[%emt 0:00:30]} Qe5+ {[%emt 0:00:30]} 61. Kd1 {[%emt 0:00:30]} Qd4+ {[%emt 0:00:30]} 62. Ke1 {[%emt 0:00:30]} Qe3+ {[%emt 0:00:30]} 63. Kd1 {[%emt 0:00:30]} 1/2-1/2

[Event "Turkish Women-ch Arzum 2022"]
[Site "Ayvalik"]
[Date "2022.03.09"]
[Round "6.13"]
[White "Acar, Ilayda"]
[Black "Yurdakul, Didem Nuray"]
[Result "1/2-1/2"]
[WhiteElo "1460"]
[BlackElo "1804"]
[Annotator "NA RC"]
[PlyCount "149"]
[EventDate "2022.03.04"]
[EventType "swiss"]
[EventCountry "TUR"]
[SourceTitle "playchess.com"]
[Source "ChessBase"]
[SourceQuality "1"]
[TimeControl "5400+30"]

{[%evp 16,132,35,34,35,39,28,40,35,49,36,29,62,61,69,71,75,-6,-8,-12,-2,-7,0,-26,-27,-27,-27,-54,-48,-44,-47,-48,-53,-57,-63,-41,-17,-26,-25,-59,-52,-57,-26,-33,-37,-40,-6,-5,0,0,0,0,32767,32767,32767,32767,32767,32767,32767,32767,32767,32767,32767,32767,222,352,278,354,614,910,532,32767,32767,32767,32767,32767,32767,2493,1562,4659,1810,1356,32767,32767,32767,32767,12843,12797,5057,12843,29967,4622,1695,348,296,378,318,276,12849,448,713,345,504,12850,12850,32767,32767,32767,32767,32767,32767,32767,27999,5119,27999,29959,4614,4631,12825]} 1. e4 c5 2. Nf3 d6 3. Bb5+ Bd7 4. Bxd7+ Qxd7 5. c4 Nc6 6. Nc3 Nf6 7. d4 cxd4 8. Nxd4 g6 {[%emt 0:05:30]} 9. f3 {[%emt 0:06:00]} Bg7 {[%emt 0:01:30]} 10. Be3 {[%emt 0:00:30]} O-O {[%emt 0:00:30]} 11. O-O {[%emt 0:00:30]} Qc7 {[%emt 0:01:30]} 12. b3 {[%emt 0:01:30]} Rfc8 {[%emt 0:00:30]} 13. Qd2 {[%emt 0:03:30]} Nxd4 {[%emt 0:00:30]} 14. Bxd4 {[%emt 0:00:30]} Qa5 {[%emt 0:00:30]} 15. Rad1 {[%emt 0:02:30]} a6 {[%emt 0:02:30]} 16. Nd5 {[%emt 0:02:30]} (16. Bxf6 $16 Bxf6 17. Nd5 Qc5+ 18. Qf2) 16... Qxd2 {[%emt 0:00:30]} 17. Nxf6+ {[%emt 0:01:30]} Bxf6 {[%emt 0:01:30]} 18. Rxd2 {[%emt 0:00:30]} Kg7 {[%emt 0:01:30]} 19. f4 {[%emt 0:04:30]} Bxd4+ {[%emt 0:08:30]} 20. Rxd4 {[%emt 0:00:00]} b5 {[%emt 0:00:00]} 21. Rf2 {[%emt 0:18:00]} (21. Rc1 $11 {feels stronger.}) 21... bxc4 {[%emt 0:08:00]} 22. Rxc4 {[%emt 0:03:30]} Rxc4 {[%emt 0:00:30]} 23. bxc4 {[%emt 0:00:00]} Rc8 {[%emt 0:00:30]} 24. Rc2 {[%emt 0:00:00]} Rc5 {[%emt 0:04:30]} 25. Kf2 $1 {[%emt 0:01:30]} h5 {[%emt 0:09:30]} 26. Ke3 {[%emt 0:04:30]} Kf6 {[%emt 0:00:30]} 27. h4 {[%emt 0:02:30]} (27. Kd4 $11) 27... Ke6 {[%emt 0:01:30]} 28. Kd4 {[%emt 0:05:30]} Kd7 {[%emt 0:00:30]} 29. Rc3 {[%emt 0:06:30]} Ra5 $1 {[%emt 0:01:30]} 30. a3 {[%emt 0:00:30]} Kc6 {[%emt 0:00:30]} (30... f6 $5 {[%cal Rd7c6]}) 31. e5 {[%emt 0:02:30]} e6 {[%emt 0:02:30]} 32. exd6 {[%emt 0:05:30]} Kxd6 {[%emt 0:02:30]} 33. c5+ {[%emt 0:00:30]} Kc6 {[%emt 0:00:00]} 34. Ke5 {[%emt 0:00:30]} Rb5 {[%emt 0:02:00]} 35. Kf6 {[%emt 0:01:30]} Rb7 {[%emt 0:00:30]} 36. Ke5 {[%emt 0:00:30]} Rd7 {[%emt 0:00:00]} 37. g3 {[%emt 0:00:30]} Rd5+ {[%emt 0:01:00]} 38. Kf6 {[%emt 0:00:30]} Rf5+ {[%emt 0:00:00]} 39. Ke7 {[%emt 0:00:30]} a5 {[%emt 0:05:00]} 40. a4 {[%emt 0:05:30]} e5 {[%emt 0:12:30]} 41. fxe5 {[%emt 0:01:30]} g5 {[%emt 0:03:30] [#]} (41... Rf2 $142 42. Rb3 Rf5 43. Rb6+ Kc7) 42. hxg5 $1 {[%emt 0:08:09]} Rxe5+ {[%emt 0:01:30]} 43. Kf6 {[%emt 0:00:20]} Rd5 {[%emt 0:00:30]} 44. Rc4 {[%emt 0:00:54]} Rd7 {[%emt 0:00:30]} 45. Kg7 {[%emt 0:03:05]} Kd5 {[%emt 0:02:30]} 46. Rf4 {[%emt 0:03:17]} Kxc5 {[%emt 0:00:30]} 47. Rxf7 {[%emt 0:00:20]} Rd3 {[%emt 0:00:30]} 48. Kh6 {[%emt 0:01:23]} (48. g6 $142 Kb4 49. Rf4+ Kb3 50. Kh7) 48... Rxg3 {[%emt 0:00:30]} 49. Kxh5 {[%emt 0:00:30]} Kb4 {[%emt 0:00:30]} 50. Rf4+ {[%emt 0:00:00]} Kc5 {[%emt 0:00:00]} 51. g6 {[%emt 0:02:17]} (51. Rg4 $142 Rh3+ 52. Kg6 Kd6 53. Rf4 Ke7 54. Rf5 Rh4 55. Rxa5 Ke6 56. Ra6+ Ke5 57. Kf7) 51... Kd6 {[%emt 0:00:00]} 52. Rg4 {[%emt 0:00:00]} Rh3+ {[%emt 0:00:30]} 53. Kg5 {[%emt 0:03:24]} (53. Rh4 $142 Rg3 54. Kh6 Ke6 55. g7 Kf7 56. Rf4+ Ke6 57. Kh7 Rh3+ 58. Kg8) 53... Ke7 {[%emt 0:00:00]} 54. Re4+ $2 {[%emt 0:00:34]} (54. Rf4 Rg3+ 55. Kh6 (55. Rg4 Rxg4+ 56. Kxg4 Kf6 $11)) 54... Kf8 {[%emt 0:00:00]} 55. Rf4+ {[%emt 0:01:06]} Kg7 {[%emt 0:00:30]} 56. Rf7+ {[%emt 0:00:30]} Kg8 {[%emt 0:00:30]} 57. Ra7 {[%emt 0:00:25]} Rg3+ {[%emt 0:00:00]} 58. Kf5 {[%emt 0:00:39]} Rf3+ {[%emt 0:00:00]} 59. Kg4 {[%emt 0:00:00]} Rf6 {[%emt 0:00:30]} 60. Kg5 {[%emt 0:00:11]} Rf1 {[%emt 0:00:30]} 61. Rxa5 {[%emt 0:00:30]} Rg1+ {[%emt 0:00:30]} 62. Kf6 {[%emt 0:00:30]} Rf1+ {[%emt 0:00:30]} 63. Rf5 {[%emt 0:00:00]} Rc1 {[%emt 0:00:00]} 64. a5 {[%emt 0:00:14]} Rc6+ {[%emt 0:00:00]} 65. Kg5 {[%emt 0:00:16]} Rc1 {[%emt 0:00:30]} 66. a6 $18 {[%emt 0:02:27]} (66. Rb5 $142 Rg1+ 67. Kf6 Rf1+ 68. Ke7 Ra1 69. Kd6 Kg7 70. Kc7 Kxg6 71. Rb6+ Kh5 72. a6) 66... Rg1+ {[%emt 0:00:30]} 67. Kf6 {[%emt 0:00:30]} Ra1 {[%emt 0:00:00]} 68. Re5 {[%emt 0:00:43]} Rxa6+ {[%emt 0:00:00]} 69. Kg5 {[%emt 0:00:04]} Ra1 {[%emt 0:00:30]} 70. Re8+ {[%emt 0:00:47]} Kg7 {[%emt 0:00:30]} 71. Re7+ {[%emt 0:00:30]} Kg8 {[%emt 0:00:00]} 72. Kh6 {[%emt 0:00:01]} Rh1+ {[%emt 0:00:00]} 73. Kg5 {[%emt 0:00:30]} Rg1+ {[%emt 0:00:30]} 74. Kf6 {[%emt 0:00:30]} Rf1+ {[%emt 0:00:00]} 75. Ke5 {[%emt 0:00:00]} 1/2-1/2